[Event "London Classic op 14th"]
[Site "London"]
[Date "2024.12.07"]
[Round "9"]
[White "Murawski, Jan"]
[Black "Smith, Andrew Philip"]
[Result "0-1"]
[WhiteElo "2065"]
[BlackElo "2136"]
[PlyCount "74"]
[EventDate "2024.11.29"]
[EventType "swiss"]
[EventRounds "9"]
[EventCountry "ENG"]
[SourceTitle "CB50_2024"]
[SourceDate "2024.11.01"]
[SourceVersion "1"]
[SourceVersionDate "2024.11.01"]
[SourceQuality "2"]

1. d4 Nf6 2. c4 c5 3. d5 e6 4. Nc3 exd5 5. cxd5 d6 6. e4 g6 7. f4 Bg7 8. Bb5+ Nfd7 9. a4 Qh4+ 10. g3 Qe7 11. Nf3 a6 12. Bd3 0-0 13. 0-0 c4 14. Bxc4 Bxc3 15. bxc3 Qxe4 16. Qd4 Qxd4+ 17. cxd4 Nb6 18. Nd2 Bf5 19. Ba3 N8d7 20. a5 Nxc4 21. Nxc4 Be4 22. Nxd6 Bxd5 23. Rab1 Rfb8 24. Rfc1 b5 25. Rc7 Nf6 26. Rc5 Rd8 27. Rc7 Be6 28. Nxb5 Nd5 29. Rb7 axb5 30. R1xb5 Nc3 31. Re5 Rxd4 32. Bb2 Rd1+ 33. Kf2 Rb1 34. Ke3 Rxb2 35. Rxb2 Nd1+ 36. Kd4 Nxb2 37. f5 gxf5 0-1

[Event "BCF-ch Seniors 65"]
[Site "Hull"]
[Date "2024.08.02"]
[Round "5"]
[White "Smith, Andrew Philip"]
[Black "Hutchinson, Paul A"]
[Result "1-0"]
[WhiteElo "2037"]
[BlackElo "2005"]
[PlyCount "145"]
[EventDate "2024.07.29"]
[EventType "swiss"]
[EventRounds "7"]
[EventCountry "ENG"]
[SourceTitle "CBM 221 Extra"]
[Source "ChessBase"]
[SourceDate "2024.09.30"]
[SourceVersion "1"]
[SourceVersionDate "2024.09.30"]
[SourceQuality "1"]

1. e4 d6 2. d4 Nf6 3. Nc3 c6 4. f4 Qa5 5. e5 Ne4 6. Qf3 Nxc3 7. Bd2 Qb6 8. Bxc3 Bf5 9. Bd3 Bxd3 10. Qxd3 dxe5 11. dxe5 e6 12. 0-0-0 Qc7 13. f5 Na6 14. fxe6 fxe6 15. Qh3 Qf7 16. Nf3 Bb4 17. Bxb4 Nxb4 18. Rd6 0-0 19. a3 Nd5 20. Qxe6 Qxe6 21. Rxe6 Nf4 22. Re7 Nxg2 23. Ng5 Rae8 24. Rxe8 Rxe8 25. Nf3 h6 26. Kd2 Kf7 27. Kd3 Nf4+ 28. Ke4 Ne6 29. Rf1 Ke7 30. Nh4 Ng5+ 31. Ke3 Ke6 32. Ng6 Rd8 33. h4 Nf7 34. Ke4 Rd2 35. Nf8+ Ke7 36. Ng6+ Ke8 37. Nf4 g5 38. Nh5 Re2+ 39. Kf5 Nxe5 40. hxg5 hxg5 41. Ng3 Re3 42. Ne4 Nc4 43. Nxg5 Re2 44. Kf6 Ne3 45. Rh1 Nd5+ 46. Kf5 Kd7 47. Ne4 b6 48. Rh7+ Ne7+ 49. Ke5 Rxc2 50. Kf6 c5 51. Rxe7+ Kc6 52. b3 c4 53. Re6+ Kd5 54. bxc4+ Rxc4 55. Kf5 Rc8 56. Rd6+ Kc4 57. Nd2+ Kc3 58. Ke6 Re8+ 59. Kd7 Re2 60. Nf3 Re3 61. Nd4 Kc4 62. Nc2 Rh3 63. Kc7 Rh5 64. Nd4 Ra5 65. Nc2 Rc5+ 66. Rc6 Kb3 67. Rxc5 bxc5 68. Kc6 c4 69. Ne3 a5 70. Kb5 c3 71. a4 c2 72. Nxc2 Kxc2 73. Kxa5 1-0

[Event "BCF-ch Seniors 65"]
[Site "Hull"]
[Date "2024.07.30"]
[Round "2"]
[White "Lawson, Maurice Elliot"]
[Black "Smith, Andrew Philip"]
[Result "0-1"]
[WhiteElo "1953"]
[BlackElo "2037"]
[PlyCount "58"]
[EventDate "2024.07.29"]
[EventType "swiss"]
[EventRounds "7"]
[EventCountry "ENG"]
[SourceTitle "CBM 221 Extra"]
[Source "ChessBase"]
[SourceDate "2024.09.30"]
[SourceVersion "1"]
[SourceVersionDate "2024.09.30"]
[SourceQuality "1"]

1. e4 e5 2. Nf3 d6 3. d4 exd4 4. Nxd4 Nf6 5. Nc3 g6 6. Bc4 Bg7 7. f3 0-0 8. Be3 c6 9. a4 d5 10. Be2 c5 11. exd5 cxd4 12. Bxd4 Nbd7 13. 0-0 Nb6 14. Bb5 a6 15. Bc5 axb5 16. Bxf8 Qxf8 17. d6 bxa4 18. Qd4 Qd8 19. Rad1 Nfd5 20. Qc5 Nxc3 21. bxc3 Nd7 22. Qa3 Qb6+ 23. Kh1 Qc5 24. Qa2 Bxc3 25. Rd5 Qc6 26. Rfd1 a3 27. R5d3 Nf8 28. Qb3 Bf6 29. c4 a2 0-1